Places To Study

There are group study rooms, individual study carrels, computer labs, and other spaces to study in the Libraries.

Reserve A Group Room

Online Resources

Access thousands of eBooks, audiobooks, and online journals from the comfort of your home.

Explore Resources

Events and Workshops

Join our upcoming events and workshops to enhance your skills and knowledge.

View Events

သုတ်သီလက္ခန် ပါဠိတော်နိဿယ / (Record no. 2448)

MARC details
000 -LEADER
fixed length control field 01205nam a22002057a 4500
003 - CONTROL NUMBER IDENTIFIER
control field OSt
005 - DATE AND TIME OF LATEST TRANSACTION
control field 20251117162045.0
008 - FIXED-LENGTH DATA ELEMENTS--GENERAL INFORMATION
fixed length control field 251111b |||||||| |||| 00| 0 eng d
040 ## - CATALOGING SOURCE
Transcribing agency DCL
082 ## - DEWEY DECIMAL CLASSIFICATION NUMBER
Classification number ၂၉၄.၃၈၂၃၁၁
130 ## - MAIN ENTRY--UNIFORM TITLE
Uniform title တိပိဋက။
Name of part/section of a work သုတ္တန္တပိဋက။
-- ဒီဃနိကာယ။
Title of a work သီလက္ခန္ဓဝဂ္ဂ၊
Language of a work ပါဠိတော်၊
Version နိဿယ။
245 ## - TITLE STATEMENT
Title သုတ်သီလက္ခန် ပါဠိတော်နိဿယ /
Statement of responsibility, etc. အရှင်အရိယာလင်္ကာရထေရ်။
250 ## - EDITION STATEMENT
Edition statement ဒုတိယအကြိမ်။
264 ## - PRODUCTION, PUBLICATION, DISTRIBUTION, MANUFACTURE, AND COPYRIGHT NOTICE
Place of production, publication, distribution, manufacture ရန်ကုန် ၊
Name of producer, publisher, distributor, manufacturer ဣစ္ဆာသပိဋကတ်စာ ပုံနှိပ်တိုက်၊
Date of production, publication, distribution, manufacture, or copyright notice ၁၉၇၂။
300 ## - PHYSICAL DESCRIPTION
Extent ဇ၊ ၄၉၆ စာမျက်နှာ ၊
Dimensions ၂၅ စင်တီ။
650 ## - SUBJECT ADDED ENTRY--TOPICAL TERM
Topical term or geographic name entry element သုတ်သီလက္ခန်
Form subdivision ပါဠိတော် နိဿယ။
650 ## - SUBJECT ADDED ENTRY--TOPICAL TERM
Topical term or geographic name entry element သီလက္ခန္ဓဝဂ္ဂ
Form subdivision ပါဠိတော် နိဿယ။
700 ## - ADDED ENTRY--PERSONAL NAME
Personal name အရိယာလင်္ကာရထေရ်၊ အရှင်။
942 ## - ADDED ENTRY ELEMENTS (KOHA)
Source of classification or shelving scheme Dewey Decimal Classification
Koha item type Short Term
Suppress in OPAC No
Holdings
Withdrawn status Lost status Source of classification or shelving scheme Damaged status Not for loan Collection Accession No. Home library Current library Shelving location Date acquired Total checkouts Full call number Barcode Date last seen Price effective from Koha item type
    Dewey Decimal Classification     Myanmar Pitaka Collection ၁၀၆၁ Dhammadhara Dhammadhara Myanmar Pitaka Shelves 11/11/2025   ၂၉၄.၃၈၂၃၁၁ ဒီ ၁၀၆၁ MB00001061 11/11/2025 11/11/2025 Short Term
    Dewey Decimal Classification     Myanmar Pitaka Collection ၂၈၃၄ Dhammadhara Dhammadhara Myanmar Pitaka Shelves 01/12/2025   ၂၉၄.၃၈၂၃၁၁ ဒီ ၂၈၃၄ MB00002834 01/12/2025 01/12/2025 Short Term